000 00516nam a2200181Ia 4500
999 _c14511
_d14511
003 OSt
005 20201103113519.0
008 190216s9999||||xx |||||||||||||| ||und||
020 _a9780330419055
040 _coclc
082 _a823.914
_bARC/M
100 _aArcher, Jeffrey
_95315
245 2 _aA Matter Of Honour /
_cJeffrey Archer
260 _bPan Books London,
_c325.
_aLondon:
300 _a429p
650 _aEnglish-Literature
942 _cBK
_2ddc
_h823.914
_iARC/M
_k823.914
_mARC/M